000 00467nam a2200169 a 4500
005 20140412111238.0
008 001118s19uu xx 00 eng d
020 _a1-85737-076-7
050 _aREF 784.19
_bMa235 1992
245 _aMaking music /
_cwritten by Karen Foster, et. al.
260 _aUK :
_bMerlion Pub. Ltd,
_c1991.
300 _a192 p. ; ill.
440 _aMerlion Arts Library
650 _aMusical Instruments
650 _aMusic
999 _c102568
_d102568